000 01030nam a2200229Ia 4500
999 _c41532
_d41532
001 8199
003 GE_BSU
005 20221005100733.0
008 181216s1979ge xx |||||||||||||| ||geo||
040 _cGE_BSU
041 _ageo
080 _a821.353.1-92 დ-90
100 _aდუმბაძე, ნოდარ.
_91321
245 _aოდისევსის დაბრუნება :
_bაშშ-ში მოგზაურობის შთაბეჭდილებანი /
_cნოდარ დუმბაძე, რედ. ნ.პაჭკორია, მხატვ: ვ.ორბელაძე
250 _a1-ლი გამოც.
264 _aთბილისი :
_bნაკადული,
_c1979.
300 _a79 გვ.:
_c16 სმ.
653 _aოდისევსის დაბრუნება.
700 _aპაჭკორია, ნ
_eრედაქტორი
_915036
700 _aორბელაძე. ვ
_eმხატვარი
_915037
942 _cBK
_2udc